000 00735nam a2200229Ia 4500
003 GCL
008 140319s9999 xx 000 0 ara d
040 _aGCL /
_cGCL
082 0 4 _a980.3
_bج ش
100 1 _aجالانو، ادواردو
245 1 0 _aالشرايين المفتوحة لامريكا اللاتينية /
_cجالانو، ادواردو
700 1 _aبشير السباعى
700 1 _aاحمد حسان
260 _a[S.N] :
_bدار النيل ،
_c1981
300 _a362 ص
490 _a
650 0 4 _aالاحوال الاجتماعية
650 0 4 _aالاحوال السياسية
650 0 4 _aالاحوال الاقتصادية
650 0 4 _aامريكا الجنوبية
942 _2ddc
_cBK
999 _c27937
_d27937